Normal view
MARC view
- Moot courts
Entry Topical Term
001 - CONTROL NUMBER
- control field: 111951
003 - CONTROL NUMBER IDENTIFIER
- control field: NUST
005 - DATE AND TIME OF LATEST TRANSACTION
- control field: 20230417132841.0
008 - FIXED-LENGTH DATA ELEMENTS
- fixed length control field: 230417|| aca||aabn | a|a d
040 ## - CATALOGING SOURCE
- Original cataloging agency: NUST
- Transcribing agency: NUST
150 ## - HEADING--TOPICAL TERM
- Topical term or geographic name entry element: Moot courts
- General subdivision: Study and teaching
670 ## - SOURCE DATA FOUND
- Source citation: Work cat.: (NUST)0: Kee, Christopher. 111949, The art of argument /, 2006.
